<?xml version="1.0" encoding="UTF-8"?>
<record
    xmlns:xsi="http://www.w3.org/2001/XMLSchema-instance"
    xsi:schemaLocation="http://www.loc.gov/MARC21/slim http://www.loc.gov/standards/marcxml/schema/MARC21slim.xsd"
    xmlns="http://www.loc.gov/MARC21/slim">

  <leader>00644nam a2200229Ia 4500</leader>
  <controlfield tag="003">OSt</controlfield>
  <controlfield tag="005">20220813111130.0</controlfield>
  <controlfield tag="008">210716s2003    xx            000 0 und d</controlfield>
  <datafield tag="020" ind1=" " ind2=" ">
    <subfield code="a">8120322584</subfield>
  </datafield>
  <datafield tag="040" ind1=" " ind2=" ">
    <subfield code="c">AIMIT LIBRARY</subfield>
  </datafield>
  <datafield tag="041" ind1=" " ind2=" ">
    <subfield code="a">eng</subfield>
  </datafield>
  <datafield tag="082" ind1=" " ind2=" ">
    <subfield code="a">574.80285 </subfield>
    <subfield code="2">1</subfield>
    <subfield code="b">BERB</subfield>
  </datafield>
  <datafield tag="100" ind1=" " ind2=" ">
    <subfield code="a">Bergeron, Bryan.</subfield>
    <subfield code="9">54750</subfield>
  </datafield>
  <datafield tag="245" ind1=" " ind2=" ">
    <subfield code="a">Bionformatics computing /</subfield>
    <subfield code="c">By Bryan Bergeron.</subfield>
  </datafield>
  <datafield tag="250" ind1=" " ind2=" ">
    <subfield code="a">1st </subfield>
  </datafield>
  <datafield tag="260" ind1=" " ind2=" ">
    <subfield code="a">New Delhi :</subfield>
    <subfield code="b">Pearson Education ,</subfield>
    <subfield code="c">2003.</subfield>
  </datafield>
  <datafield tag="300" ind1=" " ind2=" ">
    <subfield code="a">xxii, 439p. ;</subfield>
    <subfield code="c">23 cm.</subfield>
  </datafield>
  <datafield tag="650" ind1=" " ind2=" ">
    <subfield code="a">The central dogma</subfield>
    <subfield code="9">54751</subfield>
  </datafield>
  <datafield tag="650" ind1=" " ind2=" ">
    <subfield code="a">Search engines</subfield>
    <subfield code="9">54752</subfield>
  </datafield>
  <datafield tag="650" ind1=" " ind2=" ">
    <subfield code="a">Data mining</subfield>
    <subfield code="9">54753</subfield>
  </datafield>
  <datafield tag="942" ind1=" " ind2=" ">
    <subfield code="2">ddc</subfield>
    <subfield code="c">BK</subfield>
    <subfield code="e">1st</subfield>
    <subfield code="k">574.80285 BERB</subfield>
  </datafield>
  <datafield tag="999" ind1=" " ind2=" ">
    <subfield code="c">186636</subfield>
    <subfield code="d">186636</subfield>
  </datafield>
  <datafield tag="952" ind1=" " ind2=" ">
    <subfield code="0">0</subfield>
    <subfield code="1">0</subfield>
    <subfield code="2">ddc</subfield>
    <subfield code="4">0</subfield>
    <subfield code="7">0</subfield>
    <subfield code="8">MCA</subfield>
    <subfield code="a">AIMIT</subfield>
    <subfield code="b">AIMIT</subfield>
    <subfield code="d">2021-07-16</subfield>
    <subfield code="g">225.00</subfield>
    <subfield code="l">0</subfield>
    <subfield code="o">574.80285 BERB</subfield>
    <subfield code="p">MCA05189</subfield>
    <subfield code="r">2025-07-21 00:00:00</subfield>
    <subfield code="v">225.00</subfield>
    <subfield code="w">2021-07-16</subfield>
    <subfield code="y">BK</subfield>
  </datafield>
  <datafield tag="952" ind1=" " ind2=" ">
    <subfield code="0">0</subfield>
    <subfield code="1">0</subfield>
    <subfield code="2">ddc</subfield>
    <subfield code="4">0</subfield>
    <subfield code="7">0</subfield>
    <subfield code="8">MCA</subfield>
    <subfield code="a">AIMIT</subfield>
    <subfield code="b">AIMIT</subfield>
    <subfield code="d">2021-07-16</subfield>
    <subfield code="g">225.00</subfield>
    <subfield code="l">0</subfield>
    <subfield code="o">574.80285 BERB</subfield>
    <subfield code="p">MCA05239</subfield>
    <subfield code="r">2025-07-21 00:00:00</subfield>
    <subfield code="v">225.00</subfield>
    <subfield code="w">2021-07-16</subfield>
    <subfield code="y">BK</subfield>
  </datafield>
  <datafield tag="952" ind1=" " ind2=" ">
    <subfield code="0">0</subfield>
    <subfield code="1">0</subfield>
    <subfield code="2">ddc</subfield>
    <subfield code="4">0</subfield>
    <subfield code="7">3</subfield>
    <subfield code="8">MCA</subfield>
    <subfield code="a">AIMIT</subfield>
    <subfield code="b">AIMIT</subfield>
    <subfield code="e">Sita Book House</subfield>
    <subfield code="g">225.00</subfield>
    <subfield code="i">Bill no:5748; Bill dt:2004-08-05</subfield>
    <subfield code="l">0</subfield>
    <subfield code="o">574.80285 BERB</subfield>
    <subfield code="p">MCA06144</subfield>
    <subfield code="r">2025-07-21 00:00:00</subfield>
    <subfield code="v">168.75</subfield>
    <subfield code="w">2021-07-16</subfield>
    <subfield code="y">BK</subfield>
  </datafield>
  <datafield tag="952" ind1=" " ind2=" ">
    <subfield code="0">0</subfield>
    <subfield code="1">0</subfield>
    <subfield code="2">ddc</subfield>
    <subfield code="4">0</subfield>
    <subfield code="7">0</subfield>
    <subfield code="8">MCA</subfield>
    <subfield code="a">AIMIT</subfield>
    <subfield code="b">AIMIT</subfield>
    <subfield code="e">Sita Book House</subfield>
    <subfield code="g">225.00</subfield>
    <subfield code="i">Bill no:5748; Bill dt:2004-08-05</subfield>
    <subfield code="l">0</subfield>
    <subfield code="o">574.80285 BERB</subfield>
    <subfield code="p">MCA06145</subfield>
    <subfield code="r">2025-07-21 00:00:00</subfield>
    <subfield code="v">168.75</subfield>
    <subfield code="w">2021-07-16</subfield>
    <subfield code="y">BK</subfield>
  </datafield>
  <datafield tag="952" ind1=" " ind2=" ">
    <subfield code="0">0</subfield>
    <subfield code="1">0</subfield>
    <subfield code="2">ddc</subfield>
    <subfield code="4">0</subfield>
    <subfield code="7">0</subfield>
    <subfield code="8">MCA</subfield>
    <subfield code="a">AIMIT</subfield>
    <subfield code="b">AIMIT</subfield>
    <subfield code="e">Sita Book House</subfield>
    <subfield code="g">225.00</subfield>
    <subfield code="i">Bill no:5748; Bill dt:2004-08-05</subfield>
    <subfield code="l">0</subfield>
    <subfield code="o">574.80285 BERB</subfield>
    <subfield code="p">MCA06146</subfield>
    <subfield code="r">2025-07-21 00:00:00</subfield>
    <subfield code="v">168.75</subfield>
    <subfield code="w">2021-07-16</subfield>
    <subfield code="y">BK</subfield>
  </datafield>
  <datafield tag="952" ind1=" " ind2=" ">
    <subfield code="0">0</subfield>
    <subfield code="1">0</subfield>
    <subfield code="2">ddc</subfield>
    <subfield code="4">0</subfield>
    <subfield code="7">0</subfield>
    <subfield code="8">MCA</subfield>
    <subfield code="a">AIMIT</subfield>
    <subfield code="b">AIMIT</subfield>
    <subfield code="d">2024-07-08</subfield>
    <subfield code="e">Sita Book House</subfield>
    <subfield code="g">225.00</subfield>
    <subfield code="i">Bill no:5748; Bill dt:2004-08-05</subfield>
    <subfield code="l">0</subfield>
    <subfield code="o">574.80285 BERB</subfield>
    <subfield code="p">MCA06147</subfield>
    <subfield code="r">2025-07-21 00:00:00</subfield>
    <subfield code="v">168.75</subfield>
    <subfield code="w">2021-07-16</subfield>
    <subfield code="y">BK</subfield>
  </datafield>
  <datafield tag="952" ind1=" " ind2=" ">
    <subfield code="0">0</subfield>
    <subfield code="1">0</subfield>
    <subfield code="2">ddc</subfield>
    <subfield code="4">0</subfield>
    <subfield code="7">0</subfield>
    <subfield code="8">MCA</subfield>
    <subfield code="a">AIMIT</subfield>
    <subfield code="b">AIMIT</subfield>
    <subfield code="d">2024-07-08</subfield>
    <subfield code="e">Sita Book House</subfield>
    <subfield code="g">225.00</subfield>
    <subfield code="i">Bill no:5748; Bill dt:2004-08-05</subfield>
    <subfield code="l">0</subfield>
    <subfield code="o">574.80285 BERB</subfield>
    <subfield code="p">MCA06148</subfield>
    <subfield code="r">2025-07-21 00:00:00</subfield>
    <subfield code="v">168.75</subfield>
    <subfield code="w">2021-07-16</subfield>
    <subfield code="y">BK</subfield>
  </datafield>
  <datafield tag="952" ind1=" " ind2=" ">
    <subfield code="0">0</subfield>
    <subfield code="1">0</subfield>
    <subfield code="2">ddc</subfield>
    <subfield code="4">0</subfield>
    <subfield code="7">0</subfield>
    <subfield code="8">MCA</subfield>
    <subfield code="a">AIMIT</subfield>
    <subfield code="b">AIMIT</subfield>
    <subfield code="d">2024-07-08</subfield>
    <subfield code="e">Sita Book House</subfield>
    <subfield code="g">225.00</subfield>
    <subfield code="i">Bill no:5748; Bill dt:2004-08-05</subfield>
    <subfield code="l">0</subfield>
    <subfield code="o">574.80285 BERB</subfield>
    <subfield code="p">MCA06149</subfield>
    <subfield code="r">2025-07-21 00:00:00</subfield>
    <subfield code="v">168.75</subfield>
    <subfield code="w">2021-07-16</subfield>
    <subfield code="y">BK</subfield>
  </datafield>
  <datafield tag="952" ind1=" " ind2=" ">
    <subfield code="0">0</subfield>
    <subfield code="1">0</subfield>
    <subfield code="2">ddc</subfield>
    <subfield code="4">0</subfield>
    <subfield code="7">0</subfield>
    <subfield code="8">MCA</subfield>
    <subfield code="a">AIMIT</subfield>
    <subfield code="b">AIMIT</subfield>
    <subfield code="d">2024-07-08</subfield>
    <subfield code="e">Sita Book House</subfield>
    <subfield code="g">225.00</subfield>
    <subfield code="i">Bill no:5748; Bill dt:2004-08-05</subfield>
    <subfield code="l">0</subfield>
    <subfield code="o">574.80285 BERB</subfield>
    <subfield code="p">MCA06150</subfield>
    <subfield code="r">2025-07-21 00:00:00</subfield>
    <subfield code="v">168.75</subfield>
    <subfield code="w">2021-07-16</subfield>
    <subfield code="y">BK</subfield>
  </datafield>
  <datafield tag="952" ind1=" " ind2=" ">
    <subfield code="0">0</subfield>
    <subfield code="1">0</subfield>
    <subfield code="2">ddc</subfield>
    <subfield code="4">0</subfield>
    <subfield code="7">0</subfield>
    <subfield code="8">MCA</subfield>
    <subfield code="a">AIMIT</subfield>
    <subfield code="b">AIMIT</subfield>
    <subfield code="d">2024-07-08</subfield>
    <subfield code="e">Sita Book House</subfield>
    <subfield code="g">225.00</subfield>
    <subfield code="i">Bill no:5748; Bill dt:2004-08-05</subfield>
    <subfield code="l">0</subfield>
    <subfield code="o">574.80285 BERB</subfield>
    <subfield code="p">MCA06151</subfield>
    <subfield code="r">2025-07-21 00:00:00</subfield>
    <subfield code="v">168.75</subfield>
    <subfield code="w">2021-07-16</subfield>
    <subfield code="y">BK</subfield>
  </datafield>
  <datafield tag="952" ind1=" " ind2=" ">
    <subfield code="0">0</subfield>
    <subfield code="1">0</subfield>
    <subfield code="2">ddc</subfield>
    <subfield code="4">0</subfield>
    <subfield code="7">0</subfield>
    <subfield code="8">MCA</subfield>
    <subfield code="a">AIMIT</subfield>
    <subfield code="b">AIMIT</subfield>
    <subfield code="e">Sita Book House</subfield>
    <subfield code="g">225.00</subfield>
    <subfield code="i">Bill no:5748; Bill dt:2004-08-05</subfield>
    <subfield code="l">0</subfield>
    <subfield code="o">574.80285 BERB</subfield>
    <subfield code="p">MCA06152</subfield>
    <subfield code="r">2025-07-21 00:00:00</subfield>
    <subfield code="v">168.75</subfield>
    <subfield code="w">2021-07-16</subfield>
    <subfield code="y">BK</subfield>
  </datafield>
  <datafield tag="952" ind1=" " ind2=" ">
    <subfield code="0">0</subfield>
    <subfield code="1">0</subfield>
    <subfield code="2">ddc</subfield>
    <subfield code="4">0</subfield>
    <subfield code="7">0</subfield>
    <subfield code="8">MCA</subfield>
    <subfield code="a">AIMIT</subfield>
    <subfield code="b">AIMIT</subfield>
    <subfield code="d">2024-07-08</subfield>
    <subfield code="e">Sita Book House</subfield>
    <subfield code="g">225.00</subfield>
    <subfield code="i">Bill no:5748; Bill dt:2004-08-05</subfield>
    <subfield code="l">0</subfield>
    <subfield code="o">574.80285 BERB</subfield>
    <subfield code="p">MCA06153</subfield>
    <subfield code="r">2025-07-21 00:00:00</subfield>
    <subfield code="v">168.75</subfield>
    <subfield code="w">2021-07-16</subfield>
    <subfield code="y">BK</subfield>
  </datafield>
  <datafield tag="952" ind1=" " ind2=" ">
    <subfield code="0">0</subfield>
    <subfield code="1">0</subfield>
    <subfield code="2">ddc</subfield>
    <subfield code="4">0</subfield>
    <subfield code="7">0</subfield>
    <subfield code="8">MCA</subfield>
    <subfield code="a">AIMIT</subfield>
    <subfield code="b">AIMIT</subfield>
    <subfield code="e">Premier Bookshop</subfield>
    <subfield code="g">225.00</subfield>
    <subfield code="i">Bill no:277; Bill dt:2005-01-19</subfield>
    <subfield code="l">0</subfield>
    <subfield code="o">574.80285 BERB</subfield>
    <subfield code="p">MCA06409</subfield>
    <subfield code="r">2025-07-21 00:00:00</subfield>
    <subfield code="v">180.00</subfield>
    <subfield code="w">2021-07-16</subfield>
    <subfield code="y">BK</subfield>
  </datafield>
  <datafield tag="952" ind1=" " ind2=" ">
    <subfield code="0">0</subfield>
    <subfield code="1">0</subfield>
    <subfield code="2">ddc</subfield>
    <subfield code="4">0</subfield>
    <subfield code="7">0</subfield>
    <subfield code="8">MCA</subfield>
    <subfield code="a">AIMIT</subfield>
    <subfield code="b">AIMIT</subfield>
    <subfield code="d">2024-07-08</subfield>
    <subfield code="e">Knowledge World</subfield>
    <subfield code="g">225.00</subfield>
    <subfield code="i">Bill no:392; Bill dt:2008-03-18</subfield>
    <subfield code="l">0</subfield>
    <subfield code="o">574.80285 BERB</subfield>
    <subfield code="p">MCA08040</subfield>
    <subfield code="r">2025-07-21 00:00:00</subfield>
    <subfield code="v">180.00</subfield>
    <subfield code="w">2021-07-16</subfield>
    <subfield code="y">BK</subfield>
  </datafield>
</record>
